| 000 | 00756nam a22002055i 4500 | ||
|---|---|---|---|
| 001 | 176234 | ||
| 003 | ES-MaACL | ||
| 005 | 20250822061907.0 | ||
| 008 | 101227s1957 sp |||| | spa d | ||
| 080 | _a821.134.2-311.2"16" | ||
| 100 | 1 |
_aCastillo Solórzano, Alonso de. _936770 |
|
| 245 | 1 | 3 |
_aLa garduña de Sevilla y anzuelo de las bolsas / _cCastillo Solórzano ; edición, prólogo y notas de Federico Ruiz Morcuende. |
| 260 |
_aMadrid : _bEspasa-Calpe, _cimp. 1957. |
||
| 300 |
_aXXXII, 253 p. ; _c20 cm. |
||
| 490 | 1 |
_aClásicos castellanos ; _v42 |
|
| 700 | 1 |
_aRuiz Morcuende, Federico. _9144520 |
|
| 830 | 0 | 0 |
_aClásicos castellanos (Espasa-Calpe) _v42 _9183802 |
| 852 |
_aES-MaACL _jE-13903 _xOlim P-94 |
||
| 999 |
_c176234 _d176234 |
||